| 000 | 00433cam a22001337a 4500 | ||
|---|---|---|---|
| 008 | 180718b2007 xxu||||| |||| 00| 0 eng d | ||
| 082 | _aV43 Sa84 | ||
| 100 | _aSatyanand, Premila Nazareth | ||
| 245 |
_aOverview and key findings: engaging with citizens to improve services _cby Premila Nazareth Satyanand |
||
| 260 |
_aNew Delhi _bWater and Sanitation Program _c2007 |
||
| 300 | _a54p. | ||
| 650 | _aSanitaion | ||
| 650 | _aWater supply | ||
| 999 |
_c495302 _d495302 |
||